000 nam a22 7a 4500
999 _c150662
_d150660
005 20190906125303.0
008 190826b mx ||||| |||| 00| 0 spa d
020 _a970999705X
050 0 4 _aK3255
_bL67 2007
100 1 _aLópez Durán, Rosalío.
245 1 0 _aDerecho de la información
_b: cuaderno de trabajo
_c/ Rosalío López Durán, Perla Gómez Gallardo.
250 _a1a ed.
260 _aMéxico :
_bAnálisis, Ediciones y Cultura :
_bUniversidad de Guadalajara :
_bLibertad de Información México,
_c2007.
300 _a269 p. ;
_c21 cm.
650 7 _2lemb
_aLibertad de información
_vCuaderno de trabajo
700 1 _aGómez Gallardo, Perla,
_eautor
942 _2lcc
_cLIB